000 00379 a2200157 4500
001 157406
020 _a978-85-7406-978-4
040 _cEscola São Tomás de Aquino
100 _aSARAMAGO, José
240 1 0 _aO silêncio da água
_lpor
245 1 0 _aO silêncio da água
362 0 _a2021
440 1 _aCompanhia das Letras
697 _a*LITERATURA INFANTO
942 _cBK
999 _c157406
_d157406